000 00259 a2200121 4500
001 153886
040 _cEscola São Tomás de Aquino
240 1 0 _aPinóquio
_lpor
245 1 0 _aPinóquio
440 1 _aRideel
697 _a*LITERATURA INFANTIL
942 _cBK
999 _c153886
_d153886